LIBRARY ONLINE CATALOGUE

Disability in context : (Record no. 20229)

MARC details
000 -LEADER
fixed length control field 00413nam a22001217a 4500
008 - FIXED-LENGTH DATA ELEMENTS--GENERAL INFORMATION
fixed length control field 230815b |||||||| |||| 00| 0 eng d
020 ## - INTERNATIONAL STANDARD BOOK NUMBER
International Standard Book Number 978-1473719071
050 ## - LIBRARY OF CONGRESS CALL NUMBER
Classification number HV1568
Item number .D57 2015
245 ## - TITLE STATEMENT
Title Disability in context :
Remainder of title A socio-eductional perspective in South Africa
Statement of responsibility, etc. Edited by Obert Maguvhe and Meahabo Dinah Magano
260 ## - PUBLICATION, DISTRIBUTION, ETC. (IMPRINT)
Place of publication, distribution, etc. Australia
Name of publisher, distributor, etc. Cengage Learning
Date of publication, distribution, etc. 2015
300 ## - PHYSICAL DESCRIPTION
Extent xiii, 191p.
942 ## - ADDED ENTRY ELEMENTS (KOHA)
Source of classification or shelving scheme Library of Congress Classification
Koha item type General Collection
Holdings
Withdrawn status Lost status Source of classification or shelving scheme Not for loan Home library Current library Date acquired Cost, normal purchase price Inventory number Total Checkouts Full call number Barcode Date last seen Copy number Price effective from Koha item type
    Library of Congress Classification   Kabarak, Main Campus Kabarak, Main Campus 15/08/2023 4828.00 0163/2022   HV1568 .D57 2015 C.1 031566 15/08/2023 C.1 15/08/2023 General Collection